| 000 | 00421nam a22001697a 4500 | ||
|---|---|---|---|
| 003 | NUST | ||
| 020 | _a978-93-5014-540-1 | ||
| 038 | _akhadija | ||
| 082 |
_a658.5 _bBHA |
||
| 100 |
_aBhatia , Anmol _985168 |
||
| 245 |
_aIndustrial Engineering And Operations Management / _cAnmol Bhatia |
||
| 260 |
_aNew Delhi : _bS.K.K _c2014. |
||
| 300 |
_a301 p. ; _b24 cm. |
||
| 500 | _aPaperback. | ||
| 563 | _aPB | ||
| 942 |
_cBK _2ddc |
||
| 999 |
_c33648 _d33648 |
||